00679cam a22002174a 4500003000400000020004200004082001200046100001700058245005000075250001200125260004300137300001800180490004800198650001600246650001600262700001900278700002100297942001300318999001900331952011100350OSt a9781439816950 (hardback : alk. paper)00a631.8111 aFageria, N K10aGrowth and mineral nutrition of field crops / a3rd ed. aBoca Raton, Fla. :bCRC Press,c2011. axxi, 560 p. :0 aBooks in soils, plants, and the environment 0aField crops 0aField crops1 aBaligar, V. C.1 aJones, C. Allan. 2ddccREF c127715d127715 00102ddc4071aKAUCLVbKAUCLVcREFd2014-06-13l0o631.811p223410r2014-06-13 00:00:00w2014-06-13yREF